Advertising management (Record no. 84453)

MARC details
000 -LEADER
fixed length control field 00461nam a2200181Ia 4500
008 - FIXED-LENGTH DATA ELEMENTS--GENERAL INFORMATION
fixed length control field 230125s9999 xx 000 0 und d
041 ## - LANGUAGE CODE
Language code of text/sound track or separate title eng
082 ## - DEWEY DECIMAL CLASSIFICATION NUMBER
Classification number 659.1
Item number RAT
100 ## - MAIN ENTRY--PERSONAL NAME
Personal name Rathor B S
9 (RLIN) 107253
245 ## - TITLE STATEMENT
Title Advertising management
260 ## - PUBLICATION, DISTRIBUTION, ETC. (IMPRINT)
Date of publication, distribution, etc. 1997
Name of publisher, distributor, etc. Himalaya Publishing House
300 ## - PHYSICAL DESCRIPTION
Extent 363p
500 ## - GENERAL NOTE
Keywords advertising
500 ## - GENERAL NOTE
Keywords Advertising
650 ## - SUBJECT ADDED ENTRY--TOPICAL TERM
Topical term or geographic name as entry element Marketing Management
9 (RLIN) 107254
700 ## - ADDED ENTRY--PERSONAL NAME
Personal name Rathor B S
9 (RLIN) 107253
Holdings
Withdrawn status Lost status Damaged status Not for loan Home library Current library Date acquired Vendor Cost, normal purchase price Full call number Barcode Date last seen Cost, replacement price Bill Date Koha item type Original Barcode
Withdrawn       Smt. Hiraben Nanavati Institute of Management & Research for Women Smt. Hiraben Nanavati Institute of Management & Research for Women 21/07/1999 Everest publisher 110.00 659.1 RAT B01651 HIMR-BK-1651 25/01/2023 110.00 21/07/1999 Books B01651